লোডিং...

Animal sanitation and disease control

গ্রন্থ-পঞ্জীর বিবরন
প্রধান লেখক: R R Dykstra
বিন্যাস: Printed Book
ভাষা:Undetermined
প্রকাশিত: Danville 1964
The interstate
LEADER 00599nam a2200217Ia 4500
008 141122s9999 xx 000 0 und d
040 |c . 
041 |a English 
082 |a 636.089 
082 |b DYK/AN 
100 |a R R Dykstra 
245 |a Animal sanitation and disease control 
245 |c R R Dykstra 
260 |b Danville 
260 |b The interstate 
260 |c 1964 
300 |a 858 Pages 
500 |a Damaged 
942 |c BK 
999 |c 11958  |d 11958 
952 |0 0  |1 0  |2 ddc  |4 1  |6 636_089000000000000_DYKAN  |7 0  |9 11817  |a COVAS  |b COVAS  |d 0000-00-00  |o 636.089 DYK/AN  |p 2709  |r 2014-11-26  |w 2014-11-26  |y BK